Loading...
| Beliefs | 16 | 20.00 | 94% | 75% | 31% |
| Fine Arts - Classical Music and Opera | 12 | 14.17 | 100% | 33% | 8% |
| Fine Arts - Other Arts | 14 | 21.43 | 114% | 57% | 43% |
| Geography | 3 | 13.33 | 100% | 33% | 0% |
| History - American | 10 | 15.00 | 90% | 50% | 10% |
| History - Ancient | 6 | 21.67 | 100% | 83% | 33% |
| History - European | 6 | 20.00 | 100% | 67% | 33% |
| History - Other | 3 | 16.67 | 67% | 67% | 33% |
| History - World | 10 | 19.00 | 100% | 70% | 20% |
| Literature - American | 10 | 23.00 | 100% | 90% | 40% |
| Literature - British | 8 | 20.00 | 100% | 75% | 25% |
| Literature - European | 12 | 23.33 | 92% | 83% | 58% |
| Literature - World | 10 | 25.00 | 100% | 90% | 60% |
| Modern World | 4 | 20.00 | 100% | 50% | 50% |
| Other Academic | 1 | 10.00 | 100% | 0% | 0% |
| Philosophy | 12 | 20.83 | 100% | 83% | 25% |
| Science - Biology | 8 | 21.25 | 100% | 88% | 25% |
| Science - Chemistry | 13 | 16.92 | 92% | 62% | 15% |
| Science - Other | 13 | 19.23 | 100% | 69% | 23% |
| Science - Physics | 10 | 22.00 | 100% | 90% | 30% |
| Social Science | 15 | 18.67 | 93% | 67% | 27% |
| Visual Arts | 9 | 16.67 | 89% | 67% | 11% |